Spanish 5000 #14 - Noun (Feminine, Cognates, Medium-Difficulty) - Statistics

General Stats
  • This quiz has been taken 38 times
  • The average score is 112 of 205
Answer Stats
English Spanish % Correct
biography biografía
100%
biology biología
100%
celebration celebración
100%
donation donación
100%
electricity electricidad
100%
experience experiencia
100%
family familia
100%
gasoline gasolina
100%
history, story historia
100%
reaction reacción
100%
route ruta
100%
tradition tradición
100%
area, zone zona
100%
alarm alarma
83%
attraction atracción
83%
battery, gun deck batería
83%
capacity capacidad
83%
ceremony ceremonia
83%
collection colección
83%
company compañía
83%
condition condición
83%
creation creación
83%
decoration decoración
83%
distance distancia
83%
division división
83%
education educación
83%
election, choice elección
83%
emergency emergencia
83%
station, season estación
83%
excellence excelencia
83%
form, shape, way forma
83%
formula fórmula
83%
photograph fotografía
83%
information información
83%
intelligence inteligencia
83%
introduction introducción
83%
medicine medicina
83%
memory memoria
83%
preference preferencia
83%
reduction reducción
83%
region región
83%
routine rutina
83%
saint (f) santa
83%
surprise sorpresa
83%
technology tecnología
83%
actress actriz
67%
classification clasificación
67%
compassion compasión
67%
communication comunicación
67%
construction construcción
67%
conversation conversación
67%
cooperation cooperación
67%
creativity creatividad
67%
dedication, devotion dedicación
67%
definition definición
67%
direction, address dirección
67%
distribution distribución
67%
structure estructura
67%
expression expresión
67%
fantasy, fancy fantasía
67%
figure figura
67%
fraction fracción
67%
identity identidad
67%
independence independencia
67%
instruction instrucción
67%
lamp lámpara
67%
freedom, liberty libertad
67%
machine máquina
67%
possibility posibilidad
67%
position posición
67%
reality, actuality realidad
67%
recommendation recomendación
67%
reservation, reserve reserva
67%
torture tortura
67%
tranquility, peace tranquilidad
67%
unit, unity unidad
67%
variety variedad
67%
violence violencia
67%
visit, visitor, guest visita
67%
vitamin vitamina
67%
atmosphere, environment atmósfera
50%
authority autoridad
50%
barrier, obstacle barrera
50%
battle batalla
50%
science, knowledge ciencia
50%
civilization civilización
50%
coincidence coincidencia
50%
comedy, play, pretense comedia
50%
competition, contest competición
50%
understanding, comprehension comprensión
50%
conclusion, end conclusión
50%
consideration, regard consideración
50%
contribution contribución
50%
cup, glass, top (tree) copa
50%
crisis crisis
50%
defense, plea defensa
50%
democracy democracia
50%
demonstration demostración
50%
discussion, argument discusión
50%
doubt duda
50%
efficiency eficiencia
50%
elimination eliminación
50%
emotion, excitement emoción
50%
statue estatua
50%
strategy estrategia
50%
phase, stage fase
50%
fair, festival feria
50%
strength, force, power fuerza
50%
ability, skill, talent habilidad
50%
herb, grass, weed hierba
50%
humanity, mankind humanidad
50%
identification identificación
50%
image, picture imagen
50%
imagination, fantasy imaginación
50%
importance importancia
50%
legend leyenda
50%
magic magia
50%
way, manner manera
50%
mathematics matemática
50%
mention mención
50%
motivation motivación
50%
nation nación
50%
novel novela
50%
opinion, view opinión
50%
organization organización
50%
patience paciencia
50%
page página
50%
population población
50%
practice, skill práctica
50%
presentation, introduction presentación
50%
meeting, reunion reunión
50%
secretary secretaría
50%
selection, choice selección
50%
series serie
50%
session, meeting sesión
50%
solution, answer solución
50%
tribe tribu
50%
usefulness, utility utilidad
50%
vacation vacaciones
50%
vein vena
50%
version, account versión
50%
alert alerta
33%
appearance, aspect apariencia
33%
application aplicación
33%
association asociación
33%
ambition, aspiration aspiración
33%
audience, hearing audiencia
33%
authorization autorización
33%
blessing, benediction bendición
33%
beast, brute bestia
33%
comparison comparación
33%
competition, contest competencia
33%
concentration, gathering concentración
33%
conscience, consciousness conciencia
33%
conduct, behavior conducta
33%
connection, relationship conexión
33%
confidence, trust confianza
33%
configuration, shape configuración
33%
confusion confusión
33%
consequence consecuencia
33%
convenience, usefulness conveniencia
33%
description descripción
33%
destruction destrucción
33%
detention, arrest detención
33%
difficulty, obstacle dificultad
33%
dozen docena
33%
economy, economics, thriftiness economía
33%
equation ecuación
33%
sphere, globe esfera
33%
excuse excusa
33%
reputation, fame fama
33%
integrity integridad
33%
justice, fairness justicia
33%
labor, work, task labor
33%
license, permission licencia
33%
league, elastic band liga
33%
modification, alteration modificación
33%
opportunity, chance oportunidad
33%
palm tree, palm palma
33%
passion, desire pasión
33%
part, portion, share porción
33%
pupil pupila
33%
repair, reparation reparación
33%
responsibility responsabilidad
33%
ruin, collapse ruina
33%
sequence secuencia
33%
sum, amount, summary suma
33%
chart, board, table, plank tabla
33%
tomb, grave tumba
33%
use, utilization utilización
33%
treasury, finances finanzas
17%
humility humildad
17%
equality igualdad
17%
skill, mastery maestría
17%
mark, brand, trademark marca
17%
matter, subject materia
17%
majority mayoría
17%
mission, task misión
17%
necessity, need necesidad
17%
standard, pattern, norm norma
17%
couple, pair pareja
17%
proposal, proposition propuesta
17%
objection, protest protesta
17%
checking, revision revisión
17%
breakup, rupture ruptura
17%
No matching quizzes found
Score Distribution
Percent of People with Each Score
Percentile by Number Answered
Your Score History
You have not taken this quiz